000 02252nam a2200625 a 4500
001 vtls000468128
003 NLI
005 20210603123820.0
008 110301m188997enk 000 0 eng
039 9 _y201103011824
_zDatasoft
040 0 _aNLI
_beng
_cRetro_DSC 1
_eAACR2
041 0 _aeng
044 _aenk
082 0 4 _a510.8
100 1 _aCayley, Arthur,
_d1821-1895
_9599957
245 1 4 _aThe collected mathematical papers /
_cArthur Cayley
260 _aCambridge :
_bThe University Press,
_c1889-97
300 _a-v. ;
_c28 cm.
500 _aLibrary has vol. 1-13
650 0 _aMathematics
_91025
650 0 _aMechanics, Analytic
_xCollected works
_9599958
710 2 _aAsutosh Collection (National Library, India)
887 _a
901 _a22053
_b17.10.1964
_9v.1
901 _a22041
_b02.02.1960
_9v.2
901 _a22042
_b02.02.1960
_9v.3
901 _a22043
_b02.02.1960
_9v.4
901 _a22044
_b02.02.1960
_9v.5
901 _a22045
_b02.02.1960
_9v.6
901 _a22046
_b02.02.1960
_9v.7
901 _a22047
_b02.02.1960
_9v.8
901 _a22048
_b02.02.1960
_9v.9
901 _a22049
_b02.02.1960
_9v.10
901 _a22050
_b02.02.1960
_9v.11
901 _a22051
_b02.02.1960
_9v.12
901 _a22052
_b02.02.1960
_9v.13
901 _a31801
_b02.02.1960
_9supp. v.ol
902 _aA.C 510.8 C 2
942 _2ddc
_cBKS
949 _AVIRTUAITEM
_D10000
_X100
_6GAC000022053ENG
_9v.1
949 _AVIRTUAITEM
_D10000
_X100
_6GAC000022041ENG
_9v.2
949 _AVIRTUAITEM
_D10000
_X100
_6GAC000022042ENG
_9v.3
949 _AVIRTUAITEM
_D10000
_X100
_6GAC000022043ENG
_9v.4
949 _AVIRTUAITEM
_D10000
_X100
_6GAC000022044ENG
_9v.5
949 _AVIRTUAITEM
_D10000
_X100
_6GAC000022045ENG
_9v.6
949 _AVIRTUAITEM
_D10000
_X100
_6GAC000022046ENG
_9v.7
949 _AVIRTUAITEM
_D10000
_X100
_6GAC000022047ENG
_9v.8
949 _AVIRTUAITEM
_D10000
_X100
_6GAC000022048ENG
_9v.9
949 _AVIRTUAITEM
_D10000
_X100
_6GAC000022049ENG
_9v.10
949 _AVIRTUAITEM
_D10000
_X100
_6GAC000022050ENG
_9v.11
949 _AVIRTUAITEM
_D10000
_X100
_6GAC000022051ENG
_9v.12
949 _AVIRTUAITEM
_D10000
_X100
_6GAC000022052ENG
_9v.13
949 _AVIRTUAITEM
_D10000
_X100
_6GAC000031801ENG
_9supp. v.ol
999 _aVIRTUA40
_c403003
_d403003